000
00315nam a22001337a 4500
008
181004b xxu||||| |||| 00| 0 eng d
020
_a
9780130669520
041
_a
eng
080
_2
8 ED
_a
338
100
_a
52
101
_a
MAN
245
_a
Quantitative Analysis For Management
_c
Render,B
942
_2
udc
_c
BK
999
_c
48841
_d
48841